Neuroliderazgo sin límites (Registro nro. 16296)

000 -CABECERA
campo de control de longitud fija 01028nam a22002297a 4500
003 - IDENTIFICADOR DEL NÚMERO DE CONTROL
campo de control OSt
005 - FECHA Y HORA DE LA ÚLTIMA TRANSACCIÓN
campo de control 20260505173910.0
008 - DATOS DE LONGITUD FIJA--INFORMACIÓN GENERAL
campo de control de longitud fija 260505b ||||| |||| 00| 0 spa d
020 ## - NÚMERO INTERNACIONAL ESTÁNDAR DEL LIBRO
Número Internacional Estándar del Libro 9789585084469
040 ## - FUENTE DE LA CATALOGACIÓN
Centro/agencia transcriptor 9789585084469
041 ## - CÓDIGO DE LENGUA
Código de lengua del texto/banda sonora o título independiente spa
082 ## - NÚMERO DE LA CLASIFICACIÓN DECIMAL DEWEY
Número de clasificación 658.30019
Número de documento/Ítem C37n
100 ## - ENTRADA PRINCIPAL--NOMBRE DE PERSONA
Nombre de persona Cisneros Enríquez, Andrés
Término indicativo de función/relación autor
245 ## - MENCIÓN DE TÍTULO
Título Neuroliderazgo sin límites
264 ## - PRODUCCIÓN, PUBLICACIÓN, DISTRIBUCIÓN, FABRICACIÓN Y COPYRIGHT
Producción, publicación, distribución, fabricación y copyright Bogotá;
Nombre del de productor, editor, distribuidor, fabricante Eco Ediciones,
Fecha de producción, publicación, distribución, fabricación o copyright 2025
300 ## - DESCRIPCIÓN FÍSICA
Extensión 118 páginas;
Otras características físicas Tapa rustica, ilustraciones a blanco y negro,
Dimensiones 24 cm
521 ## - NOTA DE PÚBLICO DESTINATARIO
Nota de público destinatario El libro explica cómo aplicar conocimientos del cerebro (neurociencia) para mejorar la forma de liderar y tomar decisiones.<br/><br/>A lo largo del libro:<br/><br/>🧠 Se analiza cómo piensan las personas<br/>💡 Se enseñan técnicas para influir y motivar<br/>🚀 Se proponen estrategias para liderar equipos<br/><br/>Se enfoca en que el liderazgo moderno debe entender emociones, hábitos y comportamientos.
650 ## - PUNTO DE ACCESO ADICIONAL DE MATERIA--TÉRMINO DE MATERIA
Término de materia o nombre geográfico como elemento de entrada Cultura organizacional
650 ## - PUNTO DE ACCESO ADICIONAL DE MATERIA--TÉRMINO DE MATERIA
Término de materia o nombre geográfico como elemento de entrada Estrategias
650 ## - PUNTO DE ACCESO ADICIONAL DE MATERIA--TÉRMINO DE MATERIA
Término de materia o nombre geográfico como elemento de entrada Liderazgo ejecutivo
942 ## - ELEMENTOS DE PUNTO DE ACCESO ADICIONAL (KOHA)
Fuente del sistema de clasificación o colocación
Tipo de ítem Koha Libro
Existencias
Estado de retiro Estado de pérdida Fuente del sistema de clasificación o colocación Estado dañado Restricciones de uso No para préstamo Código de colección Localización permanente Ubicación/localización actual Ubicación en estantería Fecha de adquisición Fuente de adquisición Número de inventario Total de préstamos Signatura topográfica completa Código de barras Fecha visto por última vez Número de copia Precio válido a partir de Tipo de ítem Koha Nota pública
        Procesos Técnicos   Colección General Biblioteca Pública San Juan Bosco Biblioteca Pública San Juan Bosco Colección General 05/05/2026 Compra 2025 NT   658.30019 C37n MOS504941 05/05/2026 Ej.1 05/05/2026 Libro Ocho días

© Todos los derechos reservados para la Biblioteca Pública Municipal San Juan Bosco, 2020
Secretaria de Cultura de Mosquera
Carrera 3 N° 10 Esquina Centro Cultural Barrio El Carmén Teléfono: 8270830 Ext: 34
Funcionando con KOHA
Contacto: Biblioteca Pública Municipal San Juan Bosco/ bibliotecasanjuanbosco@mosquera-cundinamarca.gov.co
Mosquera, Cundinamarca